000 00634nam a2200241Ia 4500
003 OSt
005 20220918214401.0
006 a|||||r|||| 00| 0
007 ta
008 220917b |||||||| |||| 00| 0 eng d
024 _a137,187
037 _cTextual
040 _aARTS
_cARTS
_beng
041 _2eng
_aeng
082 _aY:321.42, M1
100 _aHendry Joy
_9131109
245 0 _aMarriage in changing Japan
_b Community and society
260 _aLondon
_bCroom Helm
_c1981
300 _a274p.
_ccm.
650 _aSOCIOLOGY
942 _hY:321.42, M1
_cTEXL
_2CC
999 _c260273
_d260273